| 000 | 00000nas 2200000za 4500 |
| 001 | 9.823925 |
| 003 | CaOODSP |
| 005 | 20221107144014 |
| 007 | cr ||||||||||| |
| 008 | 160909d19441949oncmr p oss f0###a0eng|d |
| 040 | |aCaOODSP|beng |
| 043 | |an-cn--- |
| 086 | 1 |aCS65-007E-PDF |
| 245 | 00|aImports entered for consumption |h[electronic resource]. |
| 260 | |a[Ottawa] : |bDominion Bureau of Statistics, External Trade Branch, |c1944-1949. |
| 310 | |aMonthly |
| 362 | 0 |aJan. 1944-Dec. 1949. |
| 490 | 0 |aTrade of Canada |
| 500 | |aDigitized edition from print [produced by Statistics Canada]. |
| 520 | |aStatistical summary of imports to Canada, including product types, weights, values, and origins. |
| 550 | |aIssued Oct. 1948-Dec. 1949 by External Trade Section. |
| 692 | 07|2gccst|aImports |
| 692 | 07|2gccst|aInternational trade |
| 710 | 1 |aCanada.|bDominion Bureau of Statistics.|bExternal Trade Branch. |
| 710 | 1 |aCanada.|bDominion Bureau of Statistics.|bExternal Trade Section. |
| 785 | 00|tImports |w(CaOODSP)9.809295 |